000 00780nam a22002297a 4500
005 20240530110454.0
008 150419s2011 xxu g 000 u eng d
017 _a2011/13199
_bمصر . دار الكتب المصرية
020 _a9789774277047
040 _aEG-CaGPL
082 0 4 _221
_a813.9\
_bص ع
100 0 _aصلاح فضل
245 1 0 _aعوالم نجيب محفوظ /
_cصلاح فضل
250 _aط1
260 _aالقاهرة :
_bالدار المصرية اللبنانية ،
_c2011.
300 _a143 ص ؛
_c19 سم .
600 0 4 _aنجيب محفوظ
650 0 4 _aالقصة العربية
_xتاريخ و نقد
650 0 4 _aالادب العربى
_xتاريخ ونقد
942 _2ddc
_cBK
999 _c61313
_d61313